000 00307nam a22001337a 4500
008 170913b xxu||||| |||| 00| 0 eng d
020 _a9780805386622
041 _aeng
080 _a53
100 _a43
101 _aFIZ
245 _aGRAVITY AN INTRODUCTION TO EINSTEIN'S
_cHARTLE,J,B
942 _2udc
_cBK
999 _c27400
_d27400